Srimagal senior dictionary, English-English-Tamil. (Record no. 69167)

MARC details
000 -LEADER
fixed length control field 00659cam a22002411 4500
001 - CONTROL NUMBER
control field sa 66003911
003 - CONTROL NUMBER IDENTIFIER
control field DLC
005 - DATE AND TIME OF LATEST TRANSACTION
control field 20260227112239.0
008 - FIXED-LENGTH DATA ELEMENTS--GENERAL INFORMATION
fixed length control field 870611s1964 ii d 000 0 eng
010 ## - LIBRARY OF CONGRESS CONTROL NUMBER
LC control number sa 66003911
025 ## - OVERSEAS ACQUISITION NUMBER
Overseas acquisition number PL480:I-E-5541
035 ## - SYSTEM CONTROL NUMBER
System control number (OCoLC)15888072
040 ## - CATALOGING SOURCE
Original cataloging agency DLC
Transcribing agency WaU
Modifying agency DLC
041 0# - LANGUAGE CODE
Language code of text/sound track or separate title engtam
042 ## - AUTHENTICATION CODE
Authentication code premarc
050 00 - LIBRARY OF CONGRESS CALL NUMBER
Classification number PL4757
Item number .A7
100 1# - MAIN ENTRY--PERSONAL NAME
Personal name Arulrajan, R.
245 10 - TITLE STATEMENT
Title Srimagal senior dictionary, English-English-Tamil.
Statement of responsibility, etc. Compiled by R. Arulrajan.
250 ## - EDITION STATEMENT
Edition statement [1st ed.]
260 ## - PUBLICATION, DISTRIBUTION, ETC.
Place of publication, distribution, etc. Madras,
Name of publisher, distributor, etc. Srimagal Col.
Date of publication, distribution, etc. [1964]
300 ## - PHYSICAL DESCRIPTION
Extent 1736 p.
Dimensions 19 cm.
650 #0 - SUBJECT ADDED ENTRY--TOPICAL TERM
Topical term or geographic name entry element English language
General subdivision Dictionaries
-- Tamil.

No items available.

Powered by Koha